| 000 | 00594nam a22002177a 4500 | ||
|---|---|---|---|
| 003 | UA-OsUOA | ||
| 001 | 116270 | ||
| 007 | ta | ||
| 008 | 20160225b un ||||| |||| 00| 0 ukr d | ||
| 100 | _aКолода В.В. | ||
| 090 |
_a902 _bК61 |
||
| 942 | _cSA | ||
| 040 |
_aUA-OsUOA _bukr _cUA-OsUOA _dUA-OsUOA |
||
| 245 | _aЖитла роменського городища Водяне | ||
| 300 | _aС. 46-62 | ||
| 955 | _a0 | ||
| 041 | _aukr | ||
| 080 | _a902 | ||
| 773 | 0 |
_w116266 _tАрхеологія _dК. _d2015 _g4 |
|
| 650 | 7 |
_a9 Географія. Біографії. Історія _2UDC |
|
| 999 |
_c402249 _d402249 |
||